| 000 | 00601nam a2200193 a 4500 | ||
|---|---|---|---|
| 001 | 61421 | ||
| 005 | 20180714063037.0 | ||
| 008 | 140912s2014 mex 000 spa d | ||
| 020 | _a978-607-15-0980-2 | ||
| 100 | 1 | _aCHIAVENATO, IDALBERTO | |
| 245 | 1 | 0 | _aIntroducción a la teoría general de la administración. |
| 250 | _aOctava edición | ||
| 264 | 1 |
_aMéxico : _bMc Graw Hill _c2014 |
|
| 300 |
_a487 paginas ; _c28 cm. |
||
| 336 |
_atexto _2rdacontent |
||
| 337 |
_asin mediación _2rdamedia |
||
| 338 |
_avolumen _2rdacarrier |
||
| 490 | 0 | _aTEORIA GENERAL DE LA ADMINISTRACION | |
| 999 |
_c61421 _d61421 |
||